Eminem songs with more than 1b views on Youtube - Statistiques

Statistiques générales
  • Ce quiz a été pris 319 fois
  • Le résultat moyen est 4 sur 7
Statistiques - réponses
Views Song % Correct
1 b The Real Slim Shady
83%
2 b Without Me
81%
1,4 b Rap God
64%
1,1 b Mockingbird
43%
2,8 b Love The Way You Lie
41%
1,9 b Not Afraid
31%
1 b When I'm Gone
9%
Aucun quiz correspondant
Distribution des résultats
% des personnes avec chaque résultat
Percentile par nombre de réponses
Votre historique - résultats
Vous n’avez pas pris ce quiz